00551nam a22001457a 450000500170000002000230001703500120004003700130005224501060006526000450017130000230021694200270023999900170026695201220028320120425132649.0 a0195653122c245.00 aB-28134 aDPLbENG aChanging concepts of rights and justice in South Asia /cedited by Michael R. Anderson and Sumit Guha aNew DelhibOxford University Pressc2000 axi, 287p.c20 cms. 2ddccENh323.0964mCHA c65619d65619 001040708NFICaZLSbZLSd2012-04-25g245.00l0o323.0964 CHApB-28134r2012-04-25 00:00:00v245.00w2012-04-25yEN